000 00301nam a2200145Ia 4500
100 _aDavar/ Rustom S.
942 _cBK
654 _aManagement.
245 _aGeneral management.
260 _bProgressive corpor.
_c1966
082 _a658
_bDAV
300 _a602
546 _aENGLISH
999 _c23865
_d23865